Thomas' Calculus (Record no. 13493)
[ view plain ]
| 000 -LEADER | |
|---|---|
| fixed length control field | 00423nam a22001817a 4500 |
| 020 ## - INTERNATIONAL STANDARD BOOK NUMBER | |
| International Standard Book Number | 9789332542426 |
| 082 ## - DEWEY DECIMAL CLASSIFICATION NUMBER | |
| Classification number | 515 THO |
| 100 ## - MAIN ENTRY--PERSONAL NAME | |
| Personal name | George B. Thomas |
| 245 ## - TITLE STATEMENT | |
| Title | Thomas' Calculus |
| 250 ## - EDITION STATEMENT | |
| Edition statement | 12th ed. |
| 260 ## - PUBLICATION, DISTRIBUTION, ETC. | |
| Place of publication, distribution, etc. | New Delhi |
| Name of publisher, distributor, etc. | Pearson |
| Date of publication, distribution, etc. | 2016 |
| 300 ## - PHYSICAL DESCRIPTION | |
| Extent | pv |
| Other physical details | ill.: |
| 500 ## - GENERAL NOTE | |
| General note | Acc No. 11080 Received against 9th ed. |
| 650 ## - SUBJECT ADDED ENTRY--TOPICAL TERM | |
| Topical term or geographic name entry element | Calculus |
| 700 ## - ADDED ENTRY--PERSONAL NAME | |
| Personal name | Maurice D. Weir |
| 700 ## - ADDED ENTRY--PERSONAL NAME | |
| Personal name | Joel Hass |
| 942 ## - ADDED ENTRY ELEMENTS (KOHA) | |
| Koha item type | Book |
| Withdrawn status | Lost status | Damaged status | Not for loan | Collection code | Permanent Location | Current Location | Shelving location | Date acquired | Source of acquisition | Total Checkouts | Total Renewals | Full call number | Barcode | Date last seen | Date last checked out | Price effective from | Koha item type | Cost, normal purchase price | Checked out |
|---|---|---|---|---|---|---|---|---|---|---|---|---|---|---|---|---|---|---|---|
| Central Library (CL) | Central Library (CL) | General Stacks | 04/04/2014 | HQ | 9 | 12 | 515 THO | SEECS011080 | 01/26/2026 | 07/04/2024 | 01/05/2017 | Book | |||||||
| Central Library (CL) | Central Library (CL) | General Stacks | 03/22/2016 | Allied Book Company | 16 | 9 | 515 THO | SEECS013391 | 09/11/2025 | 09/11/2025 | 03/25/2016 | Book | 820.00 | 01/24/2026 |
